<?xml version="1.0" encoding="UTF-8"?>
<record
    xmlns:xsi="http://www.w3.org/2001/XMLSchema-instance"
    xsi:schemaLocation="http://www.loc.gov/MARC21/slim http://www.loc.gov/standards/marcxml/schema/MARC21slim.xsd"
    xmlns="http://www.loc.gov/MARC21/slim">

  <leader>00728nam a22001817a 4500</leader>
  <controlfield tag="005">20231221151233.0</controlfield>
  <datafield tag="010" ind1=" " ind2=" ">
    <subfield code="a">HIN-126597</subfield>
  </datafield>
  <datafield tag="020" ind1=" " ind2=" ">
    <subfield code="a">9788189198831</subfield>
    <subfield code="c">495.00</subfield>
  </datafield>
  <datafield tag="035" ind1=" " ind2=" ">
    <subfield code="a">HN-98943</subfield>
  </datafield>
  <datafield tag="037" ind1=" " ind2=" ">
    <subfield code="b">DBAD/PUB</subfield>
  </datafield>
  <datafield tag="082" ind1=" " ind2=" ">
    <subfield code="a">363.7288</subfield>
    <subfield code="b">1</subfield>
  </datafield>
  <datafield tag="100" ind1=" " ind2=" ">
    <subfield code="a">&#x92C;&#x93E;&#x917;&#x921;&#x93C;&#x940;, &#x930;&#x93E;&#x92E;&#x915;&#x943;&#x937;&#x94D;&#x923; </subfield>
    <subfield code="9">60130</subfield>
  </datafield>
  <datafield tag="245" ind1=" " ind2=" ">
    <subfield code="a">&#x915;&#x91A;&#x930;&#x93E; &#x92A;&#x94D;&#x930;&#x92C;&#x902;&#x927;&#x928;/</subfield>
    <subfield code="c">&#x930;&#x93E;&#x92E;&#x915;&#x943;&#x937;&#x94D;&#x923; &#x92C;&#x93E;&#x917;&#x921;&#x93C;&#x940;</subfield>
  </datafield>
  <datafield tag="260" ind1=" " ind2=" ">
    <subfield code="a"> &#x928;&#x908; &#x926;&#x93F;&#x932;&#x94D;&#x932;&#x940;</subfield>
    <subfield code="b">&#x939;&#x930;&#x92C;&#x902;&#x938; &#x932;&#x93E;&#x932; &#x90F;&#x902;&#x921; &#x938;&#x902;&#x938;</subfield>
    <subfield code="c">2022 </subfield>
  </datafield>
  <datafield tag="270" ind1=" " ind2=" ">
    <subfield code="a">&#x921;&#x940;-38 &#x928;&#x93F;&#x939;&#x93E;&#x932; &#x935;&#x93F;&#x939;&#x93E;&#x930;</subfield>
    <subfield code="b"> &#x928;&#x908; &#x926;&#x93F;&#x932;&#x94D;&#x932;&#x940; </subfield>
    <subfield code="e">110041 </subfield>
  </datafield>
  <datafield tag="300" ind1=" " ind2=" ">
    <subfield code="a">160&#x92A;&#x943;&#x937;&#x94D;&#x920;;</subfield>
    <subfield code="c">22 cm(&#x905;&#x91C;&#x93F;&#x932;&#x94D;&#x926;) </subfield>
  </datafield>
  <datafield tag="942" ind1=" " ind2=" ">
    <subfield code="c">HN</subfield>
    <subfield code="2">ddc</subfield>
    <subfield code="h">363.7288 </subfield>
    <subfield code="m">&#x92C;&#x93E;&#x917;&#x921;&#x93C;&#x940;</subfield>
  </datafield>
  <datafield tag="999" ind1=" " ind2=" ">
    <subfield code="c">199762</subfield>
    <subfield code="d">199762</subfield>
  </datafield>
  <datafield tag="952" ind1=" " ind2=" ">
    <subfield code="0">0</subfield>
    <subfield code="1">0</subfield>
    <subfield code="4">0</subfield>
    <subfield code="7">0</subfield>
    <subfield code="8">NFIC</subfield>
    <subfield code="a">AV</subfield>
    <subfield code="b">AV</subfield>
    <subfield code="d">2023-12-21</subfield>
    <subfield code="e">DBAD/PUB</subfield>
    <subfield code="g">495.00</subfield>
    <subfield code="l">0</subfield>
    <subfield code="o">363.7288  &#x92C;&#x93E;&#x917;&#x921;&#x93C;&#x940;</subfield>
    <subfield code="p">HN-98943</subfield>
    <subfield code="r">2023-12-21 00:00:00</subfield>
    <subfield code="t">1</subfield>
    <subfield code="v">495.00</subfield>
    <subfield code="w">2023-12-21</subfield>
    <subfield code="y">HN</subfield>
  </datafield>
</record>
